<?xml version="1.0" encoding="UTF-8"?>
<record
    xmlns:xsi="http://www.w3.org/2001/XMLSchema-instance"
    xsi:schemaLocation="http://www.loc.gov/MARC21/slim http://www.loc.gov/standards/marcxml/schema/MARC21slim.xsd"
    xmlns="http://www.loc.gov/MARC21/slim">

  <leader>02056nam a2200289 u 4500</leader>
  <controlfield tag="001">1394588</controlfield>
  <controlfield tag="005">20260508085657.0</controlfield>
  <controlfield tag="008">141205e20090628                    spa  </controlfield>
  <datafield tag="020" ind1=" " ind2=" ">
    <subfield code="a">9789587200386</subfield>
  </datafield>
  <datafield tag="035" ind1=" " ind2=" ">
    <subfield code="a">1394588</subfield>
  </datafield>
  <datafield tag="040" ind1=" " ind2=" ">
    <subfield code="c">comduadb</subfield>
  </datafield>
  <datafield tag="041" ind1=" " ind2=" ">
    <subfield code="a">spa</subfield>
  </datafield>
  <datafield tag="082" ind1=" " ind2="4">
    <subfield code="a">510</subfield>
  </datafield>
  <datafield tag="100" ind1="1" ind2="0">
    <subfield code="a">G&#xF3;mez Mar&#xED;n, Ra&#xFA;l Antonio</subfield>
    <subfield code="4">aut</subfield>
    <subfield code="e">aut</subfield>
    <subfield code="9">342904</subfield>
  </datafield>
  <datafield tag="245" ind1="1" ind2="0">
    <subfield code="a">Matem&#xE1;ticas para humanistas</subfield>
  </datafield>
  <datafield tag="250" ind1=" " ind2=" ">
    <subfield code="a">1. edici&#xF3;n</subfield>
  </datafield>
  <datafield tag="260" ind1=" " ind2=" ">
    <subfield code="a">Medell&#xED;n :</subfield>
    <subfield code="b">Fondo Editorial Universidad EAFIT,</subfield>
    <subfield code="c">2009.</subfield>
  </datafield>
  <datafield tag="300" ind1=" " ind2=" ">
    <subfield code="a">215 p&#xE1;ginas.</subfield>
  </datafield>
  <datafield tag="490" ind1="0" ind2=" ">
    <subfield code="a">Colecci&#xF3;n Acad&#xE9;mica</subfield>
  </datafield>
  <datafield tag="505" ind1=" " ind2=" ">
    <subfield code="a">CONTENIDO : Pr&#xF3;logo. -- Lecci&#xF3;n 1. El lenguaje matem&#xE1;tico: elementos b&#xE1;sicos. -- Lecci&#xF3;n 2. El sistema de los n&#xFA;meros reales. -- Lecci&#xF3;n 3. Elementos del &#xE1;lgebra real. -- Lecci&#xF3;n 4. Relaciones y funciones. -- Lecci&#xF3;n 5. Gr&#xE1;ficos de funciones. -- Lecci&#xF3;n 6. Algunas funciones especiales. -- Lecci&#xF3;n 7. L&#xED;mites: aspectos b&#xE1;sicos. -- Lecci&#xF3;n 8. Elementos b&#xE1;sicos de c&#xE1;lculo diferencial. -- Bibliograf&#xED;a.</subfield>
  </datafield>
  <datafield tag="520" ind1="3" ind2=" ">
    <subfield code="a">Uno de los rasgos m&#xE1;s visibles de la actual sociedad de la informaci&#xF3;n es la relevancia que han logrado tanto la modelaci&#xF3;n matem&#xE1;tica de los aspectos cuantitativos de los fen&#xF3;menos sociales, econ&#xF3;micos, culturales, pol&#xED;ticos y naturales como la divulgaci&#xF3;n de los mismos. Por tal raz&#xF3;n, el texto Matem&#xE1;ticas para humanistas cifra su intenci&#xF3;n en la siguiente f&#xF3;rmula', estudiar y contextualizar el lenguaje matem&#xE1;tico b&#xE1;sico que se emplea hoy en las investigaciones y en los estudios cuantitativos de los fen&#xF3;menos pol&#xED;ticos, culturales y sociales equivale a ampliar el horizonte hermen&#xE9;utico del humanista pues, al ser capaz de captar el sentido de los enunciados de tal lenguaje, incrementa su capacidad para comprender, interpretar y criticar de modo m&#xE1;s riguroso la &#xE9;poca contempor&#xE1;nea.</subfield>
  </datafield>
  <datafield tag="650" ind1=" " ind2="7">
    <subfield code="a">L&#xF3;gica simb&#xF3;lica y matem&#xE1;tica</subfield>
    <subfield code="2">lemb</subfield>
    <subfield code="9">56647</subfield>
  </datafield>
  <datafield tag="650" ind1=" " ind2=" ">
    <subfield code="a">Notaci&#xF3;n matem&#xE1;tica</subfield>
    <subfield code="9">46062</subfield>
  </datafield>
  <datafield tag="650" ind1=" " ind2=" ">
    <subfield code="a">Matem&#xE1;ticas para humanistas</subfield>
    <subfield code="9">97187</subfield>
  </datafield>
  <datafield tag="650" ind1=" " ind2="7">
    <subfield code="a">Matem&#xE1;ticas</subfield>
    <subfield code="x">Ense&#xF1;anza</subfield>
    <subfield code="2">lemb</subfield>
    <subfield code="9">190108</subfield>
  </datafield>
  <datafield tag="942" ind1=" " ind2=" ">
    <subfield code="c">BOOK</subfield>
  </datafield>
  <datafield tag="999" ind1=" " ind2=" ">
    <subfield code="c">699285</subfield>
    <subfield code="d">699285</subfield>
  </datafield>
  <datafield tag="952" ind1=" " ind2=" ">
    <subfield code="0">0</subfield>
    <subfield code="1">0</subfield>
    <subfield code="4">0</subfield>
    <subfield code="7">0</subfield>
    <subfield code="8">GEN</subfield>
    <subfield code="a">BC</subfield>
    <subfield code="b">BC</subfield>
    <subfield code="d">2014-12-05</subfield>
    <subfield code="e">Material adquirido por donaci&#xF3;n</subfield>
    <subfield code="g">40000.00</subfield>
    <subfield code="i">C1218636</subfield>
    <subfield code="l">0</subfield>
    <subfield code="o">510.7 G569m</subfield>
    <subfield code="p">01003072</subfield>
    <subfield code="r">2024-11-25 00:00:00</subfield>
    <subfield code="t">1</subfield>
    <subfield code="w">2023-05-03</subfield>
    <subfield code="y">BOOK</subfield>
  </datafield>
</record>
